Centroamérica: más allá de la crisis

Gorde:
Xehetasun bibliografikoak
Egile nagusia: Castillo Rivas, Donald
Formatua: Ezezaguna
Argitaratua: México D. F.: Ediciones SIAP
Etiketak: Etiketa erantsi
Etiketarik gabe, Izan zaitez lehena erregistro honi etiketa jartzen!

MARC

LEADER 00000 a2200000 04500
001 15234
003
008 991231s d
040
090 |a EXTRAVIADO  
100 |a Castillo Rivas, Donald  
245 |a Centroamérica: más allá de la crisis  
260 |a México D. F.:   |b Ediciones SIAP  
999 |c 16315  |d 16315